A simple structured model describing the growth of Streptomyces lividans /

שמור ב:
מידע ביבליוגרפי
מחבר ראשי: Daae, E. B.
מחברים אחרים: Ison, A. P.
פורמט: Bài viết
שפה:English
נושאים:
תגים: הוספת תג
אין תגיות, היה/י הראשונ/ה לתייג את הרשומה!
Thư viện lưu trữ: Thư viện Trường Đại học Đà Lạt
LEADER 00842nam a2200277 4500
001 DLU090098080
005 ##20091201
040 # # |a DLU  |b eng 
041 # # |a eng 
044 # # |a us 
100 # # |a Daae, E. B.  
245 # # |a A simple structured model describing the growth of Streptomyces lividans /  |c E. B. Daae, A. P. Ison. 
653 # # |a Cybernetic modeling 
653 # # |a Simple structured modeling 
653 # # |a Streptomyces lividans 
700 # # |a Ison, A. P.  
773 # # |t Biotechnology and Bioengineering  |g Vol. 58, no. 2-3 (April 1998), p. 263-266 
920 # # |a Phòng Tạp chí -- Trung tâm Thông tin - Thư viện Trường Đại học Đà Lạt 
994 # # |a DLU 
900 # # |a True 
911 # # |a Trương Bảo Trâm Anh 
925 # # |a G 
926 # # |a A 
927 # # |a BB 
980 # # |a Thư viện Trường Đại học Đà Lạt